00287cam a22000977a 4500008004000000082001800040100001700058245004300075260006200118300000900180180718b1977 xxu||||| |||| 00| 0 eng d aT000x54 In2pr aKwatra, R.D. aProgramme and progresscby R.D. Kwatra aNew DelhibMinistry of Information And Broadcastingc1977 a96p.